Escribir a Chile desde la escuela: conciencia histórica e investigación escolar entre Centenarios, 1910-2010
שמור ב:
| מחבר ראשי: | |
|---|---|
| פורמט: | ספר |
| שפה: | ספרדית |
| יצא לאור: |
Santiago
Ril Editores
2011
|
| מהדורה: | 1a. ed |
| נושאים: | |
| תגים: |
הוספת תג
אין תגיות, היה/י הראשונ/ה לתייג את הרשומה!
|
MARC
| LEADER | 00000cam a2200000 a 4500 | ||
|---|---|---|---|
| 001 | UCF8635 | ||
| 003 | CL-VaPUC | ||
| 008 | 130930e20111000cl |||||||||||||||||spa|d | ||
| 020 | |a 9789562848374 | ||
| 082 | 0 | 4 | |a 983 |b MAY |2 21 |
| 100 | |a Mayorga Camus, Rodrigo |e autor |9 570756 | ||
| 245 | 1 | 0 | |a Escribir a Chile desde la escuela: conciencia histórica e investigación escolar entre Centenarios, 1910-2010 |
| 250 | |a 1a. ed | ||
| 300 | |a 490 p | ||
| 942 | |c BK | ||
| 945 | |d 20130930 13:19:00 |a dcastane | ||
| 260 | |a Santiago |b Ril Editores |c 2011 | ||
| 650 | 0 | |a Historia de Chile |9 265473 | |
| 650 | 0 | |a Investigación histórica |9 344844 | |
| 650 | 0 | |a Historiografía |9 257871 | |
| 583 | |a last modification |c 20130930 13:19:00 |k Rodrigo Vera | ||
| 999 | |c 353202 |d 353200 | ||
| 952 | |0 0 |1 0 |3 erb |4 0 |6 983_000000000000000_MAY_2011 |7 0 |8 A |9 458281 |a BIBCUR |b BIBCUR |d 2019-11-23 |i 5011450 |o 983 MAY 2011 |p 5011450 |r 2025-04-22 |w 2019-11-23 |y BK |z Catalogado en:20130930 |k PER | ||